MARC

LEADER 00000nam0a2200000 4500
001 271473
005 20231101234436.0
035 |a (RuTPU)RU\TPU\book\294655 
090 |a 271473 
100 |a 20141008d1987 k y0rusy50 ca 
101 0 |a rus 
102 |a KZ 
105 |a y z 001zy 
200 1 |a Уровень развития и отраслевая структура территориально-производственных комплексов  |e вопросы теории и практики  |f М. Г. Исаева [и др.]  |g Академия наук Казахской ССР (АН КазССР), Институт экономики 
210 |a Алма-Ата  |c Наука  |d 1987 
215 |a 240 с. 
320 |a Библиогр. в примеч. 
606 1 |a Производственно-территориальные комплексы  |2 stltpush  |3 (RuTPU)RU\TPU\subj\36757  |9 58022 
610 1 |a развитие 
610 1 |a отраслевая структура 
610 1 |a народное хозяйство 
610 1 |a инфраструктура 
686 |a У9(2)0-43  |v LBC/SL-A  |2 rubbk 
701 1 |a Исаева  |b М. Г.  |g Муза Гавриловна 
701 1 |a Жихарева  |b В. И.  |g Валентина Ивановна 
701 1 |a Закумбаев  |b А. К.  |g Абдурахман Каздарбекович 
701 1 |a Бочанова  |b Н. С. 
712 0 2 |a Академия наук Казахской ССР (АН КазССР)  |b Институт экономики  |c (Алма-Ата)  |2 stltpush  |3 (RuTPU)RU\TPU\col\17049 
801 1 |a RU  |b 63413507  |c 20141008 
801 2 |a RU  |b 63413507  |c 20160419  |g RCR 
942 |c BK